[Event "8th Memorial Ekrem Galijatovic 2022"]
[Site "Sarajevo"]
[Date "2022.03.15"]
[Round "6.1"]
[White "Mrkovic, Nikola"]
[Black "Alhdad, Ahmed O."]
[Result "1-0"]
[WhiteElo "1698"]
[BlackElo "1811"]
[Annotator "NA"]
[PlyCount "110"]
[EventDate "2022.03.13"]
[EventType "tourn"]
[EventCountry "BIH"]
[SourceTitle "playchess.com"]
[Source "ChessBase"]
[SourceQuality "1"]
[TimeControl "5400+30"]

1. e4 {[%emt 0:00:03]} d6 {[%emt 0:05:00]} 2. d4 {[%emt 0:00:01]} Nf6 {[%emt 0:00:09]} 3. Nc3 {[%emt 0:00:26]} Nbd7 {[%emt 0:01:17]} 4. Nf3 {[%emt 0:02:54]} e5 {[%emt 0:00:56]} 5. Bc4 {[%emt 0:06:27]} Be7 {[%emt 0:01:09]} 6. O-O {[%emt 0:09:37]} O-O {[%emt 0:01:29]} 7. dxe5 {[%emt 0:06:10] 7.a4 gains popularity.} dxe5 {[%emt 0:02:09]} 8. Qe2 {[%emt 0:07:45]} c6 {[%emt 0:00:40]} 9. a3 {[%emt 0:08:44]} Qc7 {[%emt 0:00:30]} 10. Bg5 {[%emt 0:00:49]} Nc5 {[%emt 0:01:38]} 11. h3 {[%emt 0:03:07]} Be6 {[%emt 0:01:56]} 12. Rad1 {[%emt 0:02:16]} b5 {[%emt 0:08:55]} 13. Bxe6 {[%emt 0:03:08]} Nxe6 {[%emt 0:00:08]} 14. Be3 {[%emt 0:04:26]} a5 {[%emt 0:06:28] [#]} 15. Ng5 $146 {[%emt 0:15:29]} ({Predecessor:} 15. Nd2 b4 16. Na4 bxa3 17. bxa3 Bxa3 18. Nc4 Be7 19. Bb6 Qb8 20. Nxa5 Nd4 21. Qc4 Nxe4 22. Bxd4 Rxa5 {½-½ (31) Mueller,H (1870)-Wunderer,E (2151) Oberstdorf 2002}) 15... Nd8 {[%emt 0:00:53]} 16. f4 {[%emt 0:03:21]} Bd6 {[%emt 0:03:44]} 17. Qd3 {[%emt 0:08:41]} Nb7 {[%emt 0:00:38]} 18. fxe5 {[%emt 0:06:19]} Bxe5 {[%emt 0:00:08]} 19. Bd4 {[%emt 0:00:40]} Rad8 {[%emt 0:03:31]} 20. Bxe5 {[%emt 0:03:19]} Qxe5 {[%emt 0:00:24]} 21. Qe3 {[%emt 0:00:12]} b4 {[%emt 0:02:13]} 22. Nf3 {[%emt 0:02:45]} Qe7 {[%emt 0:02:32]} 23. axb4 {[%emt 0:00:49]} (23. Rxd8 $11 Nxd8 24. Nd1 (24. axb4 axb4 25. Nd1 Qxe4 $15)) 23... axb4 {[%emt 0:00:15]} 24. Nb1 {[%emt 0:02:05]} Nxe4 {[%emt 0:04:52]} 25. Rde1 {[%emt 0:00:26]} Qc5 $17 {[%emt 0:07:57]} 26. Kh2 {[%emt 0:00:08]} Qd6+ {[%emt 0:11:00]} 27. Kg1 {[%emt 0:00:11]} Nf6 {[%emt 0:00:20]} 28. Nbd2 {[%emt 0:01:25]} Nd5 {[%emt 0:00:24]} 29. Qf2 {[%emt 0:00:31]} Qf6 {[%emt 0:00:46]} 30. c4 {[%emt 0:01:30]} bxc3 {[%emt 0:02:48]} 31. Ne4 {[%emt 0:00:12]} Qh6 {[%emt 0:01:19]} 32. bxc3 {[%emt 0:00:29]} Nf4 {[%emt 0:00:38]} 33. Qe3 {[%emt 0:01:10]} Rd3 {[%emt 0:00:21]} 34. Qc1 {[%emt 0:00:12]} Rfd8 {[%emt 0:03:10]} 35. Ne5 {[%emt 0:00:40]} Rd1 {[%emt 0:12:25]} 36. Qe3 {[%emt 0:01:31]} Rxe1 {[%emt 0:03:12]} 37. Rxe1 {[%emt 0:00:05]} g5 {[%emt 0:09:35]} 38. Qb6 {[%emt 0:00:49]} Qh4 {[%emt 0:05:37]} 39. Nf3 {[%emt 0:00:24]} Qh6 {[%emt 0:00:33]} 40. Qxb7 {[%emt 0:00:40]} f6 {[%emt 0:00:29]} 41. Qxc6 {[%emt 0:00:30]} Rf8 {[%emt 0:00:29]} 42. Nexg5 {[%emt 0:00:30]} Qg6 {[%emt 0:00:13]} 43. Qc4+ {[%emt 0:00:22]} Kg7 {[%emt 0:00:19]} 44. Qxf4 {[%emt 0:00:24]} fxg5 {[%emt 0:00:32]} 45. Qxg5 {[%emt 0:00:40]} Kh8 {[%emt 0:00:45]} 46. Qxg6 {[%emt 0:00:31]} hxg6 47. c4 {[%emt 0:00:19]} Kg7 {[%emt 0:00:10]} 48. c5 Rc8 {[%emt 0:00:04]} 49. Rc1 {[%emt 0:00:19]} Kf6 {[%emt 0:00:06]} 50. c6 {[%emt 0:00:30]} Rc7 {[%emt 0:00:04]} 51. Kf2 {[%emt 0:00:15]} Ke6 {[%emt 0:00:12]} 52. Nd4+ {[%emt 0:00:17]} Kd5 {[%emt 0:00:06]} 53. Nb5 {[%emt 0:00:08]} Rxc6 {[%emt 0:01:20]} 54. Rxc6 {[%emt 0:00:06]} Kxc6 {[%emt 0:00:01]} 55. Kf3 {[%emt 0:00:17]} Kd5 {[%emt 0:00:48]} 1-0

[Event "8th Memorial Ekrem Galijatovic 2022"]
[Site "Sarajevo"]
[Date "2022.03.15"]
[Round "6.2"]
[White "Dizdarevic, Emir"]
[Black "Hadzovic, Amir"]
[Result "1-0"]
[WhiteElo "2379"]
[BlackElo "2290"]
[Annotator "TA"]
[PlyCount "63"]
[EventDate "2022.03.13"]
[EventType "tourn"]
[EventCountry "BIH"]
[SourceTitle "playchess.com"]
[Source "ChessBase"]
[SourceQuality "1"]

{[%evp 9,63,26,33,42,41,29,61,56,55,57,61,59,74,54,54,41,60,67,49,52,80,69,79,86,85,88,95,95,104,67,82,77,84,63,114,117,100,61,413,199,536,418,975,960,1229,1250,2093,2075,1929,1929,2644,2391,29987,29988,29992,29990]} 1. Nf3 Nf6 2. g3 g6 3. b3 Bg7 4. Bb2 d6 5. d4 c6 6. Bg2 {A49: 1 d4 Nf6 2 Nf3 g6 3 g3: Anti-King's Indian systems.} Qa5+ {[#]} 7. Qd2 $146 ({Predecessor:} 7. Nbd2 Ne4 8. O-O Nc3 9. Qe1 Ne4 10. Qd1 Nxd2 11. Qxd2 Qxd2 {½-½ (11) Roeder,M (2396)-Del Rey,D (2336) Santa Cruz de La Palma 2018}) 7... Qd8 8. O-O {White is slightly better.} Ne4 9. Qe3 d5 10. c4 h5 11. cxd5 cxd5 12. Ne5 h4 13. Nc3 {[%cal Oc3d5] Nxd5! is the strong threat.} Nxc3 14. Qxc3 {[%cal Og2d5] [#] Black must now prevent Bxd5!} Be6 15. Rac1 {White is much more active.} Bxe5 16. dxe5 Nc6 17. Rfd1 {[%cal Og2d5]} hxg3 18. hxg3 Rh5 19. Qe3 Qd7 20. Bf3 Rh7 21. Rd2 d4 (21... Kf8 $14) 22. Bxd4 $16 Bd5 23. e6 fxe6 {[%mdl 8192] Black cannot hold the game after this.} ({Black should try} 23... Qxe6 $14 24. Qxe6 fxe6) 24. Bc3 (24. Qd3 $142 Bxf3 25. Qxg6+ (25. exf3 Kf7 $14) 25... Rf7 26. Be3 (26. exf3 Nxd4 27. Qg8+ Rf8 $11)) 24... O-O-O $2 (24... Bxf3 {is more resistant.} 25. exf3 (25. Qxf3 Ne5 $18) 25... Qc8) 25. b4 {[%cal Bb3b4,Bb4b5][%mdl 32] Strongly threatening b5.} ({And not} 25. Be5 {[#]} Bxf3 $1 26. Qxf3 Qxd2 $17) 25... Kb8 (25... a6 $142 26. a4 (26. Be5 $2 Bxf3 27. Qxf3 Qxd2 $19) 26... Kb8) 26. b5 $18 Nb4 27. Bxb4 {A strong pair of Bishops.} Rdh8 28. Qf4+ Ka8 29. e4 {[%cal Be2e4,Be4d5][%mdl 32]} e5 30. Qxe5 e6 31. exd5 Rh2 32. Qc7 {Weighted Error Value: White=0.25 (precise) /Black=0.82} 1-0

[Event "8th Memorial Ekrem Galijatovic 2022"]
[Site "Sarajevo"]
[Date "2022.03.15"]
[Round "6.3"]
[White "Mrndjic, Muamer"]
[Black "Konjicanin, Muris"]
[Result "1/2-1/2"]
[WhiteElo "2274"]
[BlackElo "2166"]
[Annotator "TA"]
[PlyCount "49"]
[EventDate "2022.03.13"]
[EventType "tourn"]
[EventCountry "BIH"]
[SourceTitle "playchess.com"]
[Source "ChessBase"]
[SourceQuality "1"]

{[%evp 16,49,68,45,62,45,46,42,40,19,37,30,39,33,33,19,33,36,41,41,41,33,41,41,41,33,41,41,40,33,33,33,33,33,33,28]} 1. e4 e6 2. d4 d5 3. Nc3 dxe4 4. Nxe4 Bd7 5. Nf3 Bc6 6. Bd3 Nd7 7. O-O Ngf6 8. Nxf6+ Nxf6 9. c3 h6 {C10: French with 3 Nc3: Unusual Black 3rd moves and 3...dxe4.} 10. Qe2 Bxf3 11. Qxf3 ({But not} 11. gxf3 Bd6 $11) 11... c6 {[#]} 12. Qg3 $146 ({Predecessor:} 12. b4 Qd5 13. Qe2 a6 14. Bf4 Qh5 15. f3 Nd5 16. Bd2 Bd6 17. g3 Kd7 18. c4 Nxb4 19. Bxb4 Bxb4 {1-0 (33) Pashkovskij,L-Khmelev,M (1646) Prague 2012}) 12... Qd5 13. Qc7 Qd7 $1 14. Qxd7+ (14. Qf4 {feels hotter.} Qd5 15. c4 Qd6 16. Rd1 Be7 17. Be2) 14... Nxd7 15. Re1 Bd6 16. a4 {[%cal Ba2a4,Ba4a5][%mdl 32] White is slightly better.} O-O 17. a5 a6 18. b4 Rfe8 19. f4 Nf6 20. g3 Nd5 21. Bd2 Re7 22. Be4 Kf8 23. Kg2 h5 24. Bf3 g6 25. Rab1 {Weighted Error Value: White=0.06 (flawless) /Black=0.04 (flawless)} 1/2-1/2

[Event "8th Memorial Ekrem Galijatovic 2022"]
[Site "Sarajevo"]
[Date "2022.03.15"]
[Round "6.4"]
[White "Kurtcehajic, Suad"]
[Black "Selimovic, Amir"]
[Result "1-0"]
[WhiteElo "1968"]
[BlackElo "1943"]
[Annotator "ChessBase"]
[PlyCount "59"]
[EventDate "2022.03.13"]
[EventType "tourn"]
[EventCountry "BIH"]
[SourceTitle "playchess.com"]
[Source "ChessBase"]
[SourceQuality "1"]
[TimeControl "5400+30"]

1. e4 {[%emt 0:06:26]} e6 {[%emt 0:00:06]} 2. d4 {[%emt 0:00:08]} d5 {[%emt 0:00:06]} 3. Nd2 {[%emt 0:00:05]} dxe4 {[%emt 0:00:05]} 4. Nxe4 {[%emt 0:00:03]} Bd7 {[%emt 0:00:08]} 5. Nf3 {[%emt 0:00:45]} Bc6 {[%emt 0:00:07]} 6. Bd3 {[%emt 0:04:49]} Nd7 {[%emt 0:00:11]} 7. O-O {[%emt 0:02:18]} Ngf6 {[%emt 0:00:07]} 8. Nxf6+ {[%emt 0:00:36]} Qxf6 {[%emt 0:05:19]} 9. Be2 {[%emt 0:02:39]} Bd6 10. c4 {[%emt 0:01:21]} Bxf3 {[%emt 0:31:45]} 11. Bxf3 {[%emt 0:00:12]} c6 {[%emt 0:00:16]} 12. Re1 {[%emt 0:15:20]} O-O {[%emt 0:00:34]} 13. Be3 {[%emt 0:02:08]} Rfe8 {[%emt 0:05:20]} 14. Qb3 {[%emt 0:04:27]} Rab8 {[%emt 0:03:18]} 15. d5 {[%emt 0:01:38]} Ne5 {[%emt 0:09:33]} 16. Be2 {[%emt 0:07:31]} c5 {[%emt 0:06:10]} 17. Rad1 {[%emt 0:03:37]} Qh4 {[%emt 0:04:21]} 18. g3 {[%emt 0:02:24]} Qf6 {[%emt 0:06:46]} 19. dxe6 {[%emt 0:06:45]} Rxe6 {[%emt 0:00:42]} 20. Qa3 {[%emt 0:06:23]} Nc6 {[%emt 0:03:21]} 21. Rxd6 {[%emt 0:04:32]} Rxd6 {[%emt 0:00:55]} 22. Bf4 {[%emt 0:00:05]} Rbd8 {[%emt 0:01:04]} 23. Bxd6 {[%emt 0:01:00]} Qxd6 {[%emt 0:00:34]} 24. Bf3 {[%emt 0:02:41]} Nd4 {[%emt 0:01:28]} 25. Be4 {[%emt 0:08:51]} Re8 {[%emt 0:01:34]} 26. Bxh7+ {[%emt 0:01:54]} Kxh7 {[%emt 0:00:02]} 27. Rxe8 {[%emt 0:00:14]} Qc6 {[%emt 0:00:11]} 28. Qd3+ {[%emt 0:00:23]} g6 {[%emt 0:00:02]} 29. Qe4 {[%emt 0:00:41]} Nf3+ {[%emt 0:00:15]} 30. Kg2 {[%emt 0:01:13]} 1-0

[Event "8th Memorial Ekrem Galijatovic 2022"]
[Site "Sarajevo"]
[Date "2022.03.15"]
[Round "6.5"]
[White "Trkulja, Goran"]
[Black "Haznadar, Nermin"]
[Result "0-1"]
[WhiteElo "2255"]
[BlackElo "1881"]
[Annotator "TA"]
[PlyCount "142"]
[EventDate "2022.03.13"]
[EventType "tourn"]
[EventCountry "BIH"]
[SourceTitle "playchess.com"]
[Source "ChessBase"]
[SourceQuality "1"]

{[%evp 10,142,31,38,22,25,27,23,18,24,27,-62,36,37,36,53,37,18,96,84,94,102,113,102,104,110,124,126,130,81,128,122,127,96,157,63,98,75,134,39,55,47,65,77,59,54,86,59,96,101,87,85,80,75,146,142,293,279,275,282,374,357,417,418,480,369,605,468,440,11,14,0,164,47,75,25,191,214,227,190,214,224,198,219,211,211,353,275,283,282,398,409,417,393,396,405,393,382,378,352,343,342,358,79,72,-8,-8,-33,-34,-34,-41,-44,-45,-50,-28,-127,-112,-347,-343,-362,-306,-409,-408,-885,-876,-797,-482,-1678,-1454,-1733,-1591,-5306,-5197,-5022,-4921]} 1. e4 c6 2. Nc3 d5 3. Nf3 dxe4 4. Nxe4 Nf6 5. Qe2 Nxe4 6. Qxe4 Nd7 {B11: Caro-Kann: Two Knights Variation.} 7. Bc4 {Ng5 is the strong threat.} Nf6 {[#]} 8. Ne5 $1 {[%csl Ge5][%cal Rc4f7]} e6 {White has an edge.} 9. Qe2 b5 10. Nxc6 Qb6 (10... Qc7 $1 $15 11. Bd3 (11. Bxb5 a6 $17) 11... a6) 11. Bd3 $1 $14 (11. Bxb5 Bd7 12. Nxa7 (12. Qc4 $2 Rc8 $19) 12... Rxa7 13. Bxd7+ Nxd7 $17) 11... Bb7 (11... Qxc6 $2 12. Bxb5 Qxb5 13. Qxb5+ $18) 12. Ne5 a6 13. O-O {[#]} Be7 $146 (13... Bd6 $11) ({Predecessor:} 13... Bd6 14. Nf3 Qc5 15. c3 Qh5 16. h3 Rd8 17. Bc2 g5 18. Nd4 g4 19. Nf5 Rg8 {0-1 (25) Garcia Gallardo,V (1827)-Gomez Jurado,L (2185) Llinars del Valles 2021}) 14. c3 O-O 15. Bc2 Rac8 16. d4 b4 17. Bd2 Rfd8 18. Rfe1 a5 19. Bd3 (19. Rac1 $142) 19... a4 (19... Bd6 $142) 20. a3 $16 {[%cal Ra3b4]} bxc3 21. bxc3 Qd6 ({Better is} 21... Qc7) 22. Reb1 (22. Qe3 $16) 22... Ba8 23. f3 g6 (23... Nd7 $142) 24. Nc4 (24. Ba6 $1 $16 {[%cal Ra6c8]}) 24... Qc7 $14 25. Nb6 Bd6 26. g3 (26. Nxc8 Bxh2+ 27. Kf1 Nh5 $16) 26... Rb8 27. Nxa8 (27. Nxa4 Rxb1+ 28. Rxb1 Rb8 $16) 27... Rxa8 28. Kg2 h5 {[%cal Oh5h4]} 29. Bg5 $36 {[%mdl 2048] White is on the roll.} Kg7 30. c4 Be7 31. Bf4 Bd6 (31... Qa7 $142) 32. Be3 $1 $16 h4 $2 (32... Qd7 $16 33. c5 Be7) 33. c5 $18 Be7 34. Bf4 {To avoid e5} (34. gxh4 Rh8 $11) 34... Qa5 35. Be5 {aiming for Rb7. A strong pair of Bishops.} Kg8 36. Rb7 Nd5 37. Be4 {Threatens to win with Bxd5.} Bf6 $2 (37... Qc3 38. Re1 Re8 39. Bxd5 exd5) 38. Bxf6 Nxf6 {[#]} 39. Rb5 $2 (39. Bxg6 $1 $18 {[%mdl 512]} Rd7 40. Rab1 $1) 39... Qc3 $11 40. Rd1 (40. Bxa8 Qxa1 41. c6 Ne8 $17) 40... Rac8 (40... Rab8 $11 41. Rxb8 (41. gxh4 $2 Rxb5 42. Qxb5 Nxe4 $19) 41... Rxb8) 41. Rd3 (41. gxh4 Rxd4 42. Rxd4 Qxd4 $11) (41. Qd3 $1 $18 {[%cal Rd3c3]} Qxd3 42. Rxd3) 41... Qa1 $14 42. Bb7 (42. gxh4 Rxd4 43. Rxd4 Qxd4 $11) (42. Qd1 $16 Qa2+ 43. Qd2) 42... h3+ $2 (42... Rc7 $11 {and Black is okay.}) 43. Kxh3 $18 Rc7 44. Qd1 Qa2 45. Qd2 {To avoid Qf2} Qa1 46. Kg2 {To avoid Qf1+} Rb8 47. Bc6 Rbc8 (47... Rxb5 {was necessary.} 48. Bxb5 Rb7) 48. Be4 Kg7 49. Qc3 Qa2+ (49... Qxc3 {might work better.} 50. Rxc3 Rd8) 50. Rd2 Nd5 51. Qc1 (51. Rxa2 Nxc3 52. Rbb2 Nxa2 53. Rxa2 Rd8 $19) 51... Qc4 52. Qxc4 Ne3+ 53. Kf2 Nxc4 54. Rd3 f5 55. Bb7 Rb8 56. Rc3 $2 Nd6 $16 {[%cal Bc4d6,Bd6c8,Bc8b6,Bb6d5,Bd5b4][%mdl 32] [#]} 57. Rb6 (57. Rb4 $1 $16 {Black must now prevent Ba6.} Rcxb7 58. cxd6 Rxb4 59. axb4) 57... Nc8 $1 $11 (57... Nxb7 $2 58. c6 $18 (58. Rxe6 Nd8 $11)) 58. Rxe6 Rbxb7 59. Rc4 {[#]} Nb6 $1 60. Rb4 ({Avoid the trap} 60. Rxb6 $2 Rxb6 61. Rxa4 (61. cxb6 $2 Rxc4 62. b7 Rc2+ 63. Ke3 Rb2 $19) 61... Rb2+ 62. Ke3 Rxh2 $19) (60. Rc2 Kf7) 60... Nd5 61. Rxb7 (61. Rxa4 Rb2+ 62. Kg1 Rcb7 $19) 61... Rxb7 $15 {[%mdl 4096] Endgame KRN-KR} 62. Ke2 (62. h4 $11) 62... Rb2+ $17 63. Kd3 $2 (63. Ke1 $17) 63... Rb3+ $19 64. Kd2 Rxa3 65. Rd6 Nb4 66. c6 (66. Rb6 $142 Rd3+ 67. Kc1 Rxd4 68. Rb7+ Kf6 69. Kb2) 66... Rd3+ {Black is clearly winning.} 67. Ke2 Rc3 68. d5 (68. Rd7+ $142 Kf6 69. Rb7 Nxc6 70. Rb6) 68... a3 {[%cal Ba4a3,Ba3a2][%mdl 32]} 69. Rd7+ Kf6 70. f4 a2 71. Ra7 Rc1 {Quite a comeback for Black.  Weighted Error Value: White=0.44/Black=0.40} 0-1

[Event "8th Memorial Ekrem Galijatovic 2022"]
[Site "Sarajevo"]
[Date "2022.03.15"]
[Round "7.1"]
[White "Haznadar, Nermin"]
[Black "Mrkovic, Nikola"]
[Result "1-0"]
[WhiteElo "1881"]
[BlackElo "1698"]
[Annotator "NA RC"]
[PlyCount "75"]
[EventDate "2022.03.13"]
[EventType "tourn"]
[EventCountry "BIH"]
[SourceTitle "playchess.com"]
[Source "ChessBase"]
[SourceQuality "1"]
[TimeControl "5400+30"]

{[%evp 10,75,23,21,59,25,19,3,0,-19,-14,-19,-10,-12,33,-3,42,10,11,16,14,15,39,0,90,114,204,211,205,209,224,210,214,192,208,178,227,227,276,281,280,283,290,281,281,287,313,327,316,321,333,312,319,284,306,314,272,297,310,361,373,333,405,360,528,564,738,906]} 1. d4 {[%emt 0:00:09]} d5 {[%emt 0:00:04]} 2. c4 {[%emt 0:00:39]} e6 {[%emt 0:00:04]} 3. Nc3 {[%emt 0:00:26]} Nf6 {[%emt 0:00:02]} 4. Bg5 {[%emt 0:00:51]} Be7 {[%emt 0:00:09]} 5. e3 {[%emt 0:00:30]} Nbd7 {[%emt 0:01:34]} 6. Nf3 {[%emt 0:00:47]} b6 {[%emt 0:01:30]} (6... h6 $11 7. Bh4 O-O) 7. Rc1 {[%emt 0:01:10]} (7. cxd5 $14 Nxd5 8. Nxd5 Bxg5 {[#]} 9. Nxc7+ $1 Qxc7 10. Nxg5) 7... Bb7 {[%emt 0:06:11]} 8. h3 {[%emt 0:01:44]} O-O {[%emt 0:04:40]} 9. Bd3 {[%emt 0:01:37]} Rc8 {[%emt 0:02:15]} 10. O-O {[%emt 0:04:26]} c5 {[%emt 0:02:40]} 11. cxd5 {[%emt 0:01:55]} exd5 {[%emt 0:02:21]} 12. Qa4 {[%emt 0:03:04]} cxd4 {[%emt 0:05:37]} (12... c4 $11 13. Bf5 (13. Qxa7 $2 Bc6 $19) 13... Bc6) 13. Qxd4 {[%emt 0:02:03]} Nc5 {[%emt 0:08:53]} 14. Bf5 {[%emt 0:04:19]} Ne6 {[%emt 0:08:35]} 15. Bxe6 {[%emt 0:08:06]} fxe6 {[%emt 0:00:16]} 16. Rfd1 {[%emt 0:01:31]} (16. Qe5 $5 {[%cal Re5e6]}) 16... Nd7 {[%emt 0:09:16]} (16... Qd7 $11 {keeps the balance.}) 17. Qg4 {[%emt 0:02:32]} Bxg5 {[%emt 0:18:26]} (17... Rf5 $16) 18. Nxg5 {[%emt 0:00:13]} Qf6 {[%emt 0:00:47]} 19. Qxe6+ {[%emt 0:00:24]} Qxe6 {[%emt 0:00:39]} 20. Nxe6 {[%emt 0:00:06]} Rfe8 {[%emt 0:03:49]} 21. Nf4 {[%emt 0:01:09]} Nf6 {[%emt 0:00:17]} 22. Nb5 {[%emt 0:04:15]} Rxc1 {[%emt 0:03:57]} (22... g5 $142) 23. Rxc1 {[%emt 0:00:06]} Rc8 {[%emt 0:00:48]} 24. Rxc8+ {[%emt 0:04:32]} Bxc8 {[%emt 0:00:02]} 25. Nxa7 {[%emt 0:01:59]} Bd7 {[%emt 0:00:05]} 26. Nd3 {[%emt 0:00:12]} Kf8 {[%emt 0:01:52]} 27. Ne5 {[%emt 0:00:11]} Ke7 {[%emt 0:00:48]} 28. Nxd7 {[%emt 0:00:10]} Nxd7 {[%emt 0:00:13]} 29. Nb5 {[%emt 0:00:25]} Nc5 {[%emt 0:00:16]} 30. Nc3 {[%emt 0:00:59]} Kd6 {[%emt 0:00:19]} 31. Kf1 {[%emt 0:00:54]} Nd3 {[%emt 0:00:48]} 32. b3 {[%emt 0:02:41]} Kc5 {[%emt 0:01:16]} 33. Ke2 {[%emt 0:00:20]} Ne5 {[%emt 0:00:17]} 34. a3 {[%emt 0:00:46]} b5 {[%emt 0:00:25]} 35. f4 {[%emt 0:01:18]} Nc6 {[%emt 0:00:16]} 36. g4 {[%emt 0:01:23]} Ne7 {[%emt 0:01:35]} 37. Kd3 {[%emt 0:00:32]} Nc6 $18 {[%emt 0:01:36]} 38. b4+ {[%emt 0:00:17]} 1-0

[Event "8th Memorial Ekrem Galijatovic 2022"]
[Site "Sarajevo"]
[Date "2022.03.15"]
[Round "7.2"]
[White "Selimovic, Amir"]
[Black "Trkulja, Goran"]
[Result "0-1"]
[WhiteElo "1943"]
[BlackElo "2255"]
[Annotator "TA"]
[PlyCount "44"]
[EventDate "2022.03.13"]
[EventType "tourn"]
[EventCountry "BIH"]
[SourceTitle "playchess.com"]
[Source "ChessBase"]
[SourceQuality "1"]

{[%evp 14,44,111,63,72,66,69,64,79,58,64,47,68,47,48,33,37,10,6,-20,-26,-43,-47,-50,-28,-39,-36,-67,-75,-89,-68,-175,-180]} 1. d4 c5 2. d5 Nf6 3. c4 e5 4. Nc3 d6 5. e4 Be7 6. Bd3 Nbd7 {[%cal Bb8d7,Bd7f8,Bf8g6,Bg6f4][%mdl 32]} 7. Nge2 Nf8 8. O-O (8. Ng3 $16) 8... Ng6 $14 {A56: Czech Benoni.} 9. Ng3 Nf4 10. Bc2 (10. h3 {keeps more tension.} a6 11. a4 O-O 12. a5 Ne8 13. Qf3) 10... g6 {[#] White is slightly better.} 11. Nce2 $146 ({Predecessor:} 11. Ba4+ Bd7 12. Bxd7+ Qxd7 13. Nce2 Nxe2+ 14. Qxe2 h5 15. f3 h4 16. Nh1 Nh5 17. Nf2 {1-0 (46) Rendboe,J (2249)-Skovgaard,P (2116) Esbjerg 2004}) 11... Nxe2+ 12. Nxe2 O-O 13. h3 Nh5 14. g4 (14. Bh6 $5 {[%cal Rh6f8]}) 14... Ng7 15. Ng3 Bg5 16. Bxg5 Qxg5 17. Qc1 Qh4 {[#] And now ...f5 would win.} 18. Kg2 f5 19. f3 Bd7 20. a4 h5 {[%cal Rh5g4]} ({Much worse is} 20... f4 21. Nh1 $11) 21. exf5 gxf5 {[%cal Rh5g4]} 22. Qh6 (22. Ra3 $1 $15) 22... Rf6 {Weighted Error Value: White=0.24 (precise) /Black=0.03 (flawless)} 0-1

[Event "8th Memorial Ekrem Galijatovic 2022"]
[Site "Sarajevo"]
[Date "2022.03.15"]
[Round "7.3"]
[White "Konjicanin, Muris"]
[Black "Kurtcehajic, Suad"]
[Result "1-0"]
[WhiteElo "2166"]
[BlackElo "1968"]
[Annotator "TA"]
[PlyCount "133"]
[EventDate "2022.03.13"]
[EventType "tourn"]
[EventCountry "BIH"]
[SourceTitle "playchess.com"]
[Source "ChessBase"]
[SourceQuality "1"]

{[%evp 9,133,0,34,31,33,27,28,11,19,11,17,4,9,4,66,67,92,92,97,91,99,91,96,63,79,51,46,41,62,73,81,41,36,6,10,0,0,0,0,-6,0,0,5,0,23,36,22,22,45,11,10,0,0,0,0,0,0,0,0,-1,-1,-4,-4,-7,-4,-8,0,-8,8,0,0,0,0,0,0,0,0,0,0,0,9,8,501,486,429,0,0,0,0,0,0,0,0,0,29960,29962,29960,29960,29962,29947,29970,29967,29972,29973,29973,29974,29974,29975,29975,29976,29976,29974,29975,29976,29976,29975,29986,29987,29987,29988,29988,29989,29990,29991,29991,29990]} 1. d4 d5 2. Nf3 Nf6 3. Bf4 Bf5 4. e3 e6 5. Nbd2 c5 6. Bxb8 {D02: 1 d4 d5 2 Nf3 sidelines, including 2...Nf6 3 g3 and 2...Nf6 3 Bf4.} Qxb8 7. Bb5+ Kd8 $1 {[#]} 8. O-O $146 {White has an edge.} ({Predecessor:} 8. dxc5 Bxc5 9. Be2 Ke7 10. c4 dxc4 11. Bxc4 Rd8 12. Qb3 h6 13. Rc1 Qc7 14. O-O {0-1 (51) Javakhadze,Z (2450)-Gupta,A (2600) Golden Sands 2013}) 8... c4 9. c3 Bd6 (9... a6 $5 {[%cal Ra6b5]} 10. Ba4 Bd6 $11) 10. Ba4 Ke7 {[%cal Og7g5]} 11. Bc2 Bxc2 (11... Qc7 $11) 12. Qxc2 $14 Rc8 13. e4 dxe4 14. Nxe4 g6 15. Rfe1 Nxe4 16. Qxe4 {Black must now prevent d5.} Kf8 17. d5 exd5 18. Qxd5 Kg8 19. Rad1 {[%cal Ba1d1,Bd1d4,Bd4e4][%mdl 32]} Rc6 20. Rd4 {White is more active.} Qc7 21. Rde4 (21. g3 {looks sharper.} Bc5 22. Rde4 Kg7 23. Rh4 Kg8 24. Qg5) 21... Bf8 22. Qd2 b5 23. Nd4 Qd7 24. Qe2 Rcc8 25. h4 h5 26. Nf3 Qd3 27. Qxd3 cxd3 28. Rd4 {Inhibits b4.} b4 29. Rxd3 (29. cxb4 {feels hotter.} Rc2 30. Rb1 Re8 31. Rxd3 Bxb4 32. Nd4) 29... bxc3 30. Rxc3 Rxc3 31. bxc3 {[%mdl 4096] Endgame KRB-KRN} Rc8 32. Rc1 Rc4 33. Kf1 Bg7 34. Ke2 Rxc3 35. Rxc3 Bxc3 $11 {KB-KN} 36. Kd3 Ba5 37. Ne5 Kg7 38. Ke4 f6 39. Nd3 Kf7 40. f4 Bd2 41. f5 g5 42. Nc5 gxh4 43. Ne6 Ke7 44. Kd5 Bh6 45. Kc6 a5 $2 {[%mdl 8192]} (45... Bd2 $11) 46. a4 $18 Bd2 {[#]} 47. Nd4 $2 ({Only move:} 47. Nc5 $1 $18 Bc3 48. Nb7) 47... Bc3 48. Nf3 Kf7 49. Kd7 Kg7 50. Nxh4 Kh6 {...Kg5 is the strong threat.} 51. Nf3 h4 $2 {[%mdl 8192] Black is on the road to losing.} (51... Kh7 $11) 52. Nxh4 {White mates.} Kg5 53. g3 Kg4 54. Ke6 Kxg3 55. Ng6 Kg4 {[#]} 56. Nf8 $1 Kf4 57. Nh7 Ke4 58. Nxf6+ Kd3 59. Nd5 Bb2 60. Nb6 Kd4 61. f6 {[%cal Bf5f6,Bf6f7][%mdl 32]} Kc5 62. Nd7+ Kb4 63. f7 Bg7 64. Kf5 Kxa4 65. Kg6 Bf8 66. Nxf8 Kb3 67. Nd7 {Weighted Error Value: White=0.14 (very precise) /Black=0.31} 1-0